Countries of Europe with Unique Starting Letters Quiz Stats

Quiz Updated Dec 19, 2016

Score 0/6 Timer 03:00
0 Plays Today
% Correct
???
56.5%
???
55.5%
???
53.7%
???
41.2%
???
41.1%
???
38.6%

You're not logged in!

Compare scores with friends on all Sporcle quizzes.
Sign Up with Email
OR
Log In

You Might Also Like...

Show Comments

Extras

Top Quizzes Today


Score Distribution

Your Account Isn't Verified!

In order to create a playlist on Sporcle, you need to verify the email address you used during registration. Go to your Sporcle Settings to finish the process.